000 00491nam a22001817a 4500
003 BD-DhUIB
005 20260518183505.0
008 260518b |||||||| |||| 00| 0 eng d
020 _a0813123429
040 _aBD-DhUIB
_cBD-DhUIB
082 _222
100 _aKaran Prodyumna.
_91121
245 _aJapan in the 21st century :
_benvironment economy and society/
260 _aJapan.
_bRead Japan project.
_cc2005
300 _axii, 401p. :
_billus. ;
_ccm.
526 _aMBA
942 _2ddc
_cBK
999 _c709
_d709